000 00530nam a2200181 a 4500
005 20140412111225.0
008 010522s19uu xx 00 eng d
020 _a0-87965-092-3
050 _aTR(GS 420.7
_bB64 1982
100 _aBoning, Richard A.
245 _aFollowing directions, preparatory level /
_cRichard A. Boning.
250 _a2nd ed.
260 _aBaldwin, New York :
_bBarnell Loft, Ltd,
_c1982.
300 _a1v. (unp.) ; ill.
440 _aSpecific Skill Series
650 _aPicture book
999 _c102033
_d102033